The whale watchers' guide / (Record no. 30350)

MARC details
000 -LEADER
fixed length control field 01631pam a2200409 a 4500
001 - CONTROL NUMBER
control field 9895335
003 - CONTROL NUMBER IDENTIFIER
control field OCoLC
005 - DATE AND TIME OF LATEST TRANSACTION
control field 20250118082330.0
008 - FIXED-LENGTH DATA ELEMENTS--GENERAL INFORMATION
fixed length control field 830819t19841984nyua j b 001 0 eng
010 ## - LIBRARY OF CONGRESS CONTROL NUMBER
LC control number 83017425 /AC
020 ## - INTERNATIONAL STANDARD BOOK NUMBER
International Standard Book Number 0671458116
Qualifying information library binding
020 ## - INTERNATIONAL STANDARD BOOK NUMBER
International Standard Book Number 067149807X
Qualifying information paperback
040 ## - CATALOGING SOURCE
Original cataloging agency DLC
Language of cataloging eng
Transcribing agency DLC
Modifying agency CLZ
050 0# - LIBRARY OF CONGRESS CALL NUMBER
Classification number QL737.C4
Item number G235 1984
082 0# - DEWEY DECIMAL CLASSIFICATION NUMBER
Classification number 599.5
Edition number 19
092 ## - LOCALLY ASSIGNED DEWEY CALL NUMBER (OCLC)
Classification number 599.5
Item number G228, W
100 1# - MAIN ENTRY--PERSONAL NAME
Personal name Gardner, Robert,
Dates associated with a name 1929-2017.
Authority record control number https://id.loc.gov/authorities/names/n79041925.
245 14 - TITLE STATEMENT
Title The whale watchers' guide /
Statement of responsibility, etc. Robert Gardner ; illustrated by Don Sineti.
264 #1 - PRODUCTION, PUBLICATION, DISTRIBUTION, MANUFACTURE, AND COPYRIGHT NOTICE
Place of production, publication, distribution, manufacture New York :
Name of producer, publisher, distributor, manufacturer J. Messner,
Date of production, publication, distribution, manufacture, or copyright notice [1984]
264 #4 - PRODUCTION, PUBLICATION, DISTRIBUTION, MANUFACTURE, AND COPYRIGHT NOTICE
Date of production, publication, distribution, manufacture, or copyright notice c1984.
300 ## - PHYSICAL DESCRIPTION
Extent 170 pages :
Other physical details illustrations ;
Dimensions 19 x 24 cm.
336 ## - CONTENT TYPE
Content type term text
Content type code txt
Source rdacontent.
337 ## - MEDIA TYPE
Media type term unmediated
Media type code n
Source rdamedia.
338 ## - CARRIER TYPE
Carrier type term volume
Carrier type code nc
Source rdacarrier.
385 ## - AUDIENCE CHARACTERISTICS
Demographic group code age
Audience term Children
Source lcdgt.
490 1# - SERIES STATEMENT
Series statement A Messner guide.
500 ## - GENERAL NOTE
General note Includes index.
504 ## - BIBLIOGRAPHY, ETC. NOTE
Bibliography, etc Bibliography: page 165.
520 ## - SUMMARY, ETC.
Summary, etc. Discusses whales and whaling and explains how to tell one whale from another and how to watch them from land and sea.
650 #0 - SUBJECT ADDED ENTRY--TOPICAL TERM
Topical term or geographic name as entry element Whales
Form subdivision Juvenile literature.
Authority record control number https://id.loc.gov/authorities/subjects/sh2008113466.
650 #0 - SUBJECT ADDED ENTRY--TOPICAL TERM
Topical term or geographic name as entry element Wildlife watching
Form subdivision Juvenile literature.
Authority record control number https://id.loc.gov/authorities/subjects/sh2010118567.
655 #7 - INDEX TERM--GENRE/FORM
Genre/form data or focus term Literature.
Source of term lcgft
Authority record control number https://id.loc.gov/authorities/genreForms/gf2014026415.
700 1# - ADDED ENTRY--PERSONAL NAME
Personal name Sineti, Don.
Authority record control number https://id.loc.gov/authorities/names/n83193185.
830 #0 - SERIES ADDED ENTRY--UNIFORM TITLE
Uniform title Messner guide.
Authority record control number https://id.loc.gov/authorities/names/n84712255.
907 ## - LOCAL DATA ELEMENT G, LDG (RLIN)
a .b138629158
942 ## - ADDED ENTRY ELEMENTS (KOHA)
Koha item type Libro/Book
Holdings
Withdrawn status Lost status Damaged status Not for loan Home library Current library Shelving location Date acquired Inventory number Total Checkouts Full call number Barcode Date last seen Price effective from Koha item type
        San Juan Del Sur -- Biblioteca San Juan Del Sur -- Biblioteca English 18/01/2025 Inventory date: 15/5/25   NF 30026556 18/01/2025 18/01/2025 Libro/Book

Powered by Koha